Entraîneurs vainqueurs de la Ligue des champions - Mort subite - Statistiques

Statistiques générales
  • Ce quiz a été pris 920 fois
  • Le résultat moyen est 10 sur 20
Answers on the Grid
Answers color-coded by a green-red scale on the quiz's grid according to % correct below.
Thomas Tuchel
Carlo Ancelotti
Pep Guardiola
Zinédine Zidane
Jürgen Klopp
Raymond Domenech
Jupp Heynckes
Didier Deschamps
José Mourinho
Johan Cruyff
Raymond Goethals
Hansi Flick
Luis Enrique
Rafael Benítez
Ottmar Hitzfeld
Alex Ferguson
Vicente del Bosque
Frank Rijkaard
Roberto Di Matteo
Louis van Gaal
Fabio Capello
Diego Simeone
Marcello Lippi
Arsène Wenger
Massimiliano Allegri
Unai Emery
Gérard Houllier
Maurizio Sarri
Roberto Mancini
Julian Nagelsmann
Zlatko Dalić
Bruno Genesio
 
Statistiques - réponses
Réponse % Correct
Pep Guardiola
76%
Zinédine Zidane
75%
Carlo Ancelotti
74%
Jürgen Klopp
73%
Luis Enrique
73%
José Mourinho
72%
Alex Ferguson
66%
Thomas Tuchel
66%
Hansi Flick
58%
Johan Cruyff
49%
Rafael Benítez
40%
Frank Rijkaard
39%
Jupp Heynckes
37%
Roberto Di Matteo
34%
Vicente del Bosque
29%
Fabio Capello
28%
Louis van Gaal
26%
Marcello Lippi
26%
Raymond Goethals
25%
Ottmar Hitzfeld
24%
Aucun quiz correspondant
Distribution des résultats
% des personnes avec chaque résultat
Percentile par nombre de réponses
Votre historique - résultats
Vous n’avez pas pris ce quiz